000 00692nam a2200289Ia 4500
005 20260324112926.0
008 008 260324s9999 xx 000 0 eng d
020 _a9781003546955
037 _aEBOOK
040 _aCRL
040 _beng
040 _cCRL
041 _2eng
041 _aeng
084 _qCRL
100 _aTracy Llanera
_91081695
245 0 _aResilience and the Brown Babe’s Burden
245 0 _bWritings by Filipina Philosophers
260 _bTaylor and Francis
260 _c2024
365 _a
365 _b220
856 _uhttp://www.taylorfrancis.com/books/9781003546955
942 _cEBOOK
999 _c1734099
_d1734099